| 000 | 00421nam a2200109Ia 4500 | ||
|---|---|---|---|
| 008 | 170221s9999 xx 000 0 und d | ||
| 100 | _aKelly Semrad | ||
| 245 | 4 | _aThe Effects of Non-Stationarity Demand on Hotel Financial Performance | |
| 245 | _cKelly Semrad | ||
| 650 | _xBusiness | ||
| 856 | _uhttp://www.omicsgroup.org/journals/the-effects-of-nonstationarity-demand-on-hotel-financial-performance-2169-0286-1000140.pdf | ||
| 999 |
_c307894 _d307894 |
||